| 000 | 00000nam##2200000za#4500 |
| 001 | 9.533287 |
| 003 | CaOODSP |
| 005 | 20200327072149 |
| 007 | ta |
| 008 | 150406|2000||||xxc||||| f|0| 0 fre|d |
| 020 | |a0-660-61222-4 |
| 040 | |aCaOODSP|bfre |
| 041 | |aeng |
| 041 | |afre |
| 043 | |an-cn--- |
| 086 | 1 |aBT31-2/2001-III-105 |
| 110 | 1 |aCanada. |bConseil du trésor. |
| 245 | 10|aAgence canadienne d'inspection des aliments |
| 260 | |aOttawa - Ontario : |bSecrétariat du Conseil du Trésor du Canada |c2000. |
| 300 | |aTexte français, 38p. : |borganigramme, tableaux ; |c28 cm. |
| 490 | 1 |aBudget des dépenses 2000-2001, partie III: rapport sur les plans et les priorités |
| 546 | |aBilingue |
| 563 | |aCouverture souple |
| 590 | |a00-14|b2000-04-07 |
| 691 | 07|aPrévisions budgétaires|2gcpds |
| 776 | 0#|tCanadian Food Inspection Agency, 2000-2001 estimates, part III, report on plans and priorities |w(CaOODSP)9.567847 |
| 776 | 0#|tAgence canadienne d'inspection des aliments, budget des dépenses 2000-2001, partie III, rapport sur les plans et les priorités |w(CaOODSP)9.599168 |
| 791 | |tCanadian Food Inspection Agency |eeng|w(CaOODSP)9.533286 |
| 830 | #0|aBudget des dépenses 2000-2001, partie III: rapport sur les plans et les priorités.|w(CaOODSP)9.508965 |